Ekolabeling ako potenciálny nástroj zvyšovania konkurencieschopnosti a predajnosti výrobku diplomová práca

Na minha lista:
Detalhes bibliográficos
Autor principal: Bereš, Viktor
Autor Corporativo: Fakulta podnikového manažmentu EU. Katedra manažmentu výroby a logistiky - zrušená
Outros Autores: Marečková, Zuzana
Formato: Livro
Idioma:eslovaco
Publicado em: Bratislava 2015
Tags: Adicionar Tag
Sem tags, seja o primeiro a adicionar uma tag!

MARC

LEADER 00000nbm a2200000 4500
001 0201355
005 20161212102727.9
041 0 |a slo 
044 |a SK 
245 1 0 |a Ekolabeling ako potenciálny nástroj zvyšovania konkurencieschopnosti a predajnosti výrobku  |b diplomová práca  |c Viktor Bereš ; školiteľ: Zuzana Marečková 
264 1 |a Bratislava  |c 2015 
300 |a 70 s. 
100 1 |a Bereš, Viktor 
700 1 |a Marečková, Zuzana 
710 2 |a Fakulta podnikového manažmentu EU. Katedra manažmentu výroby a logistiky - zrušená